000 00821nam a22002897a 4500
003 CHAP
005 20220329134552.0
008 971013s1982 r 00010 d
010 _a22330
011 _a23302
035 _a27398
040 _cCHAP
082 _a635.05
_bJ3
100 0 0 _aCollier, Graham F.
_925267
245 _aTipburn of lettuce
260 _aWestport, Conn. :
_bAVI,
_c1982
300 _app.49-65
501 _aEnc. con otros impresos similares
590 _aBATCH-UPD
_b10
_c20130110
_lUCH01
_h0106
590 _aBATCH-UPD
_b10
_c20130110
_lUCH01
_h2311
590 _aCONVERSION
_b10
_c20130109
_lUCH01
_h1313
650 1 4 _aLechuga
_xEnfermedades.
_965458
700 0 _aTibbitts, Theodorely.
_9113027
901 _aBK
942 _cLIBRO
949 _a635.05 J3
_bBC
_cLIBRO
_d-63571
_eLIBRO
_i27398
_si
999 _c22330
_d22330